Catálogo

LA AMISTAD DE CRISTO (Registro nro. 17199)

Detalles MARC
000 -LEADER
fixed length control field 00524nam a2200205 a 4500
001 - CONTROL NUMBER
control field 17199
005 - DATE AND TIME OF LATEST TRANSACTION
control field 20180713210315.0
008 - FIXED-LENGTH DATA ELEMENTS--GENERAL INFORMATION
fixed length control field 140415s1989 sp 000 0 spa d
020 ## - INTERNATIONAL STANDARD BOOK NUMBER
International Standard Book Number 8474902304
041 ## - LANGUAGE CODE
Language code of text/sound track or separate title spa
082 ## - DEWEY DECIMAL CLASSIFICATION NUMBER
Classification number 291.4
Item number BEN
100 1# - MAIN ENTRY--PERSONAL NAME
Personal name BENSON, ROBERT HUG
245 13 - TITLE STATEMENT
Title LA AMISTAD DE CRISTO
250 ## - EDITION STATEMENT
Edition statement 1a ed.
260 ## - PUBLICATION, DISTRIBUTION, ETC.
Place of publication, distribution, etc. ESPAÑA :
Name of publisher, distributor, etc. ENCUENTRO,
Date of publication, distribution, etc. 1989
300 ## - PHYSICAL DESCRIPTION
Extent 165
490 ## - SERIES STATEMENT
Series statement LIBROS DE BOLSILLO
Volume/sequential designation 54
650 14 - SUBJECT ADDED ENTRY--TOPICAL TERM
Topical term or geographic name entry element ESPIRITUALIDAD
700 1# - ADDED ENTRY--PERSONAL NAME
Personal name MARTIN PINDADO, VICENTE
Relator term tr.
Existencias
Withdrawn status Lost status Source of classification or shelving scheme Damaged status Not for loan Collection code Home library Current library Shelving location Date acquired Source of acquisition Inventory number Total Checkouts Full call number Barcode Date last seen Date last checked out Price effective from Koha item type
    Dewey Decimal Classification     General Biblioteca Karol Wojtyla Biblioteca Karol Wojtyla Sala general 03/12/2013 Compra 151000000000000000058525 2 291.4 BEN 35337 05/01/2026 13/02/2019 03/12/2013 Libro